000 00750nam a22001937a 4500
005 20250909115038.0
010 _aB-770718-731 BACEN25
020 _a978938604501
_c895.00
035 _aB-770718-731
037 _bSharma and Company
082 _a158.1
100 _aMishra,saroj kr.
_984964
245 _aWomen Empowerment of india /
_cby saroj kr.Mishra
260 _aDelhi
_bsharma & co.
_c2024
270 _aram nagar ext,
_bDelhi
_e110032
300 _a264p.
_c24cm(pbk)
942 _2ddc
_cEN
_h305.4
_mMIS
999 _c209534
_d209534